000 00856nam a22002297a 4500
999 _c63881
_d63881
005 20240530110703.0
008 171225s2015 ua a g b 000 0dara d
017 _a2015/22853
_bمصر. دار الكتب
020 _a9789779105567
040 _aEG-CaGPL
_cEG-CaGPL
082 0 4 _221
_a303.482\
_bإ ت
100 0 _aاسماعيل سراج الدين
245 1 2 _aالتحدى :
_bرؤية ثقافية لمجابهة التطرف والعنف /
_cاسماعيل سراج الدين .
250 _aط.1
260 _aالقاهرة :
_bالهيئة المصرية العامة للكتاب ،
_c2015 .
300 _a314 ص. ؛
_c24 سم.
650 0 7 _2qrmak
_aالعنف
650 0 7 _2qrmak
_aالثورة الثقافية
650 0 7 _2qrmak
_aالتطرف الدينى
942 _2ddc
_cBK